000 00526nam a2200169 4500
003 LK-CoMWRAF
005 20230928060722.0
008 230928b |||||||| |||| 00| 0 eng d
040 _aLK-CoMWRAF
_dLK-CoMWRAF
_eLK-CoMWRAF
041 _aeng
082 _a297.204
_bULA
100 _aUlama, Majlisul-
245 _aThe Truth about Shi'ism :
_bPart 1 : Dealing with the shiah doctrine of the villification of the sahaabah
260 _aBenoni South :
_bYoung mens Muslim association,
650 _aMuslim--Shi'ism
942 _cBK
999 _c3714
_d3714